Countries with I as their third letter - Statistics

General Stats
  • This quiz has been taken 53 times
  • The average score is 13 of 18
Answer Stats
Answer % Correct
United Kingdom
86%
United States of America
86%
China
84%
Chile
82%
Haiti
80%
Sri Lanka
77%
United Arab Emirates
77%
Djibouti
75%
Guinea
75%
Guinea Bissau
73%
Taiwan
73%
Eritrea
70%
Philippines
70%
Saint Kitts and Nevis
64%
Trinidad and Tobago
64%
Switzerland
61%
Saint Lucia
59%
Saint Vincent and the grenadines
57%
No matching quizzes found
Score Distribution
Percent of People with Each Score
Percentile by Number Answered
Your Score History
You have not taken this quiz